| 000 | 00719cam a22002295a 4500 | ||
|---|---|---|---|
| 999 |
_c10337 _d10337 |
||
| 005 | 20201128013454.0 | ||
| 008 | 081223t xxua|||fr 001 0 eng d | ||
| 020 | _a9780321538963 | ||
| 020 | _a032153896X | ||
| 040 |
_aEG-ScBUE _beng _cEG-ScBUE _dEG-ScBUE |
||
| 082 | 0 | 4 |
_a331 _bEHR _222 |
| 100 |
_aEhrenberg, Ronald G. _91320 |
||
| 245 | 1 | 0 |
_aModern labor economics : _btheory and public policy / _cRonald G. Ehrenberg, Robert S. Smith. |
| 250 | _a10th ed. | ||
| 260 |
_aBoston : _bPearson, _cc.2009. |
||
| 300 |
_axxii, 650 p. : _bill. ; _c24 cm. |
||
| 500 | _aIncludes indexes. | ||
| 650 | 7 |
_alabour economics. _91567 _2BUEsh |
|
| 651 | _2BUEsh | ||
| 653 |
_bBUSECO _cJune2019 |
||
| 700 | 1 |
_aSmith, Robert S. _91566 |
|